Eastern Utah Libraries Catalog: Duchesne, Heber, Roosevelt, & Vernal

Cassandra in reverse / (Record no. 385499)

MARC details
000 -LEADER
fixed length control field 02334cam a2200481 i 4500
001 - CONTROL NUMBER
control field on1380366819
003 - CONTROL NUMBER IDENTIFIER
control field OCoLC
005 - DATE AND TIME OF LATEST TRANSACTION
control field 20250313115034.0
008 - FIXED-LENGTH DATA ELEMENTS--GENERAL INFORMATION
fixed length control field 230526t20232023onc e 000 1 eng d
020 ## - INTERNATIONAL STANDARD BOOK NUMBER
International Standard Book Number 9780778334538
Qualifying information (hc.)
020 ## - INTERNATIONAL STANDARD BOOK NUMBER
International Standard Book Number 0778334538
Qualifying information (hc.)
035 ## - SYSTEM CONTROL NUMBER
System control number (OCoLC)1380366819
040 ## - CATALOGING SOURCE
Original cataloging agency NjBwBT
Language of cataloging eng
Description conventions rda
Transcribing agency CO2
Modifying agency CO2
-- IK2
-- OCLCQ
-- RNL
-- UOK
049 ## - LOCAL HOLDINGS (OCLC)
Holding library UOKA
050 14 - LIBRARY OF CONGRESS CALL NUMBER
Classification number PS3619.M335
Item number C37 2023
082 04 - DEWEY DECIMAL CLASSIFICATION NUMBER
Classification number 813/.6
Edition number 23/eng/20230523
092 ## - LOCALLY ASSIGNED DEWEY CALL NUMBER (OCLC)
Classification number fiction
Item number Smale, Holly
999 ## - SYSTEM CONTROL NUMBERS (KOHA)
Koha Dewey Subclass [OBSOLETE] 03882875
100 1# - MAIN ENTRY--PERSONAL NAME
Personal name Smale, Holly
Relator term author.
9 (RLIN) 5698882
245 10 - TITLE STATEMENT
Title Cassandra in reverse /
Statement of responsibility, etc Holly Smale.
264 #1 - Production, Publication, Distribution, Manufacture, and Copyright Notice.
Place of production, publication, distribution, manufacture Toronto, Ontario, Canada :
Name of producer, publisher, distributor, manufacturer Mira,
Date of production, publication, distribution, manufacture, or copyr [2023]
264 #4 - Production, Publication, Distribution, Manufacture, and Copyright Notice.
Date of production, publication, distribution, manufacture, or copyr 2023
300 ## - PHYSICAL DESCRIPTION
Extent 359 pages ;
Dimensions 24 cm.
336 ## - Content Type
Content type term text
337 ## - Media type
Media type term unmediated
338 ## - Carrier type
Carrier type term volume
490 1# - SERIES STATEMENT
Series statement Reese's book club
520 ## - SUMMARY, ETC.
Summary, etc After an extraordinarily bad day during which Cassandra Dankworth's boyfriend breaks up with her and she is fired from her job, she wakes up the next day and has the chance to do it all again, differently.
520 ## - SUMMARY, ETC.
Summary, etc Cassandra Penelope Dankworth is a creature of habit. She likes what she likes (museums, jumpsuits, her boyfriend, Will) and strongly dislikes what she doesn't (mess, change, her boss drinking out of her mug). Her life runs in a pleasing, predictable order...until now. She's just been dumped. She's just been fired. Her local ca�f has run out of banana muffins. Then, something truly unexpected happens: Cassie discovers she can go back and change the past. One small rewind at a time, Cassie attempts to fix the life she accidentally obliterated, but soon she'll discover she's trying to fix all the wrong things.
650 #0 - SUBJECT ADDED ENTRY--TOPICAL TERM
Topical term or geographic name as entry element Time travel
Form subdivision Fiction
9 (RLIN) 5674119
650 #0 - SUBJECT ADDED ENTRY--TOPICAL TERM
Topical term or geographic name as entry element Women
Form subdivision Fiction
9 (RLIN) 5674204
650 #0 - SUBJECT ADDED ENTRY--TOPICAL TERM
Topical term or geographic name as entry element Life change events
Form subdivision Fiction
9 (RLIN) 5674438
650 #0 - SUBJECT ADDED ENTRY--TOPICAL TERM
Topical term or geographic name as entry element Man-woman relationships
Form subdivision Fiction
9 (RLIN) 5674079
650 #0 - SUBJECT ADDED ENTRY--TOPICAL TERM
Topical term or geographic name as entry element Neurodiversity
Form subdivision Fiction.
9 (RLIN) 6469460
650 #0 - SUBJECT ADDED ENTRY--TOPICAL TERM
Topical term or geographic name as entry element Self-actualization (Psychology) in women
Form subdivision Fiction
9 (RLIN) 5674256
655 #7 - INDEX TERM--GENRE/FORM
Genre/form data or focus term Science fiction
Source of term lcgft
655 #7 - INDEX TERM--GENRE/FORM
Genre/form data or focus term Romance fiction
Source of term lcgft
655 #7 - INDEX TERM--GENRE/FORM
Genre/form data or focus term Time-travel fiction
Source of term lcgft
9 (RLIN) 5709950
655 #7 - INDEX TERM--GENRE/FORM
Genre/form data or focus term Novels
Source of term lcgft
830 #0 - SERIES ADDED ENTRY--UNIFORM TITLE
Uniform title Reese's book club
9 (RLIN) 6456094
904 ## - LOCAL DATA ELEMENT D, LDD (RLIN)
a 3862666
b 03862666
c 202303862666
942 ## - ADDED ENTRY ELEMENTS (KOHA)
Source of classification or shelving scheme Dewey Decimal Classification
Koha item type BOOK
Holdings
Withdrawn status Lost status Source of classification or shelving scheme Damaged status Not for loan Collection code Home library Current library Shelving location Date acquired Source of acquisition Total Checkouts Total Renewals Full call number Barcode Checked out Date last seen Date checked out Cost, replacement price Price effective from Koha item type
    Dewey Decimal Classification     Fiction Wasatch County Library Wasatch County Library First Floor 03/13/2025 Donation 6 7 F Smale 34301002111724 03/04/2026 01/06/2026 01/06/2026 30.00 03/13/2025 BOOK
This project was made possible through a grant from the Institute of Museum and Library Service administered by the Utah State Library Division.

Wasatch County Library

  • 465 East 1200 South, Heber City, Utah 84032
  • Phone 435-654-1511 | Fax 435-654-6456

Hours

  • Monday - Friday 9:30 AM - 8:00 PM
  • Saturday 9:30 AM - 1:30 PM
  • Closed Sundays and Holidays